History of Soviet Russia: The Bolshevik revolution 1917-1923 (Record no. 31840)

MARC details
000 -LEADER
fixed length control field 00304nam a2200109Ia 4500
082 ## - DEWEY DECIMAL CLASSIFICATION NUMBER
Classification number 93/99(47+57)
Item number CAR
100 ## - MAIN ENTRY--AUTHOR NAME
Personal name Carr, E H
245 #0 - TITLE STATEMENT
Title History of Soviet Russia: The Bolshevik revolution 1917-1923
260 ## - PUBLICATION, DISTRIBUTION, ETC. (IMPRINT)
Place of publication London
Name of publisher Macmillan
Year of publication 1950
942 ## - ADDED ENTRY ELEMENTS (KOHA)
Koha item type Books
Holdings
Withdrawn status Lost status Damaged status Not for loan Home library Current library Date acquired Cost, normal purchase price Full call number Accession Number Koha item type
        RRII Library RRII Library 16/12/2021 20.00 93/99(47+57) CAR 12377 Books